00566nam a2200193 a 45000010005000000030008000050050017000130080039000300350018000690400023000870410008001100820022001181000022001402450052001622600080002143000025002945040037003196500016003566642BD-RjUL20211208234302.0170117r1967 enk b 001 0 eng a(BD-RjUL)6683 aDLCcDLCdDLCbeng aeng00a410bWAP 19672231 aWaterman, John T.10aPerspectives in linguistics /cJohn T. Waterman aLondon :aChicago :bUniversity of Chicago Press,cc1963 [impression 1967]. aix, 105 p. ;c20 cm. aIncludes bibliography and index. 0aLinguistics